Lady Gaga - Paroles Abracadabra - Statistiques

Statistiques générales
  • Ce quiz a été pris 25 fois
  • Le résultat moyen est 205 sur 297
Statistiques - réponses
Hint Réponse % Correct
a
100%
abra
95%
Intro | Post-Chorus | Post-chorus Abracadabra,
95%
abracadabra
95%
Chorus "Abracadabra,
95%
in
90%
In
90%
the
90%
to
90%
oo
85%
devil
80%
love
80%
me
80%
tonight
80%
tonight"
80%
You
80%
angels
75%
dark
75%
on
75%
poem
75%
dance,
70%
dance
70%
Refrain Hold
70%
lady
70%
life
70%
moonlight
70%
of
70%
said
70%
said,
70%
Save
70%
she
70%
When
70%
your
70%
by
65%
circles
65%
from
65%
ga
65%
hear
65%
Pré-chorus Like
65%
na
65%
na"
65%
night
65%
or
65%
Couplet 1 Pay
65%
red
65%
this
65%
"Death
60%
distance
60%
empty
60%
magic
60%
mind
60%
tongue
60%
amor
55%
burn
55%
clouds
55%
Drawing
55%
Feel
55%
fire
55%
floor,
55%
for
55%
her
55%
Keep
55%
last
55%
melody
55%
morta
55%
spell
55%
around
50%
cast
50%
few
50%
fight
50%
game
50%
haunting
50%
no
50%
Sing
50%
trance
50%
turns
50%
under
50%
watch
50%
With
50%
words
50%
As
45%
beat
45%
come
45%
Don't
45%
feet,
45%
now
45%
Bridge Phantom
45%
return
45%
road
45%
time
45%
Use
45%
Ah,
40%
ah,
40%
ah
40%
both
40%
Couplet 2 Choose
40%
feeling
40%
flies,
40%
heart
40%
it
40%
passion,
40%
sinful
40%
waste
40%
you're
40%
dust
35%
floor's
35%
It's
35%
side
35%
toll
35%
firе
5%
wеst
5%
Aucun quiz correspondant
Distribution des résultats
% des personnes avec chaque résultat
Percentile par nombre de réponses
Votre historique - résultats
Vous n’avez pas pris ce quiz